Paesi più vicini a Cuba - Morte improvvisa - Statistics

Statistiche generali
  • Questo quiz è stato fatto 39 volte
  • Il punteggio medio è 5 su 15
Answers on the Grid
Answers color-coded by a green-red scale on the quiz's grid according to % correct below.
Haiti
Bahamas
Giamaica
Stati Uniti
Messico
Repubblica Dominicana
Belize
Guatemala
Honduras
Nicaragua
Colombia
El Salvador
Venezuela
Panama
Costa Rica
Canada
Guyana
Suriname
Ecuador
Perù
Bolivia
Brasile
Paraguay
Uruguay
Argentina
Saint Kitts e Nevis
Antigua e Barbuda
Dominica
Portogallo
Marocco
 
Statistiche sulle risposte
Risposta % Corretto
Repubblica Dominicana
53%
Giamaica
47%
Messico
47%
Nicaragua
47%
Haiti
40%
Costa Rica
33%
Honduras
33%
Stati Uniti
33%
Bahamas
27%
Belize
27%
El Salvador
27%
Guatemala
27%
Panama
20%
Colombia
13%
Venezuela
7%
Nessun quiz corrispondente trovato
Distribuzione punteggi
Percentuale di utenti per punteggio
Percentile per numero di risposta
I tuoi punteggi nel tempo
Non hai fatto questo quiz